| 000 | 00419nam a2200181Ia 4500 | ||
|---|---|---|---|
| 008 | 170918s9999 xx 000 0 und d | ||
| 020 | _a316160202 | ||
| 050 | _bM613 2007 | ||
| 100 | _aMeyer, Stephanie | ||
| 245 | _aEclipse / | ||
| 245 | _cby Stephanie Meyer. | ||
| 260 | _aUSA : | ||
| 260 | _bMT Books, | ||
| 260 | _c2007 | ||
| 300 | _a629 pages : | ||
| 300 | _billustrations ; | ||
| 300 | _eTwilight series. | ||
| 999 |
_c343368 _d343368 |
||